Statistics for Watcher in the Sky - Ghost band song lyrics

Click here to take the quiz!

General Stats

  • This quiz has been taken 49 times
  • The average score is 118 of 152

Answer Stats

DetailsAnswerDetails% Correct
I
100%
the
100%
[Verse 2]The
100%
in
97%
sky
97%
watch
97%
watcher
97%
what
97%
[Chorus] | [Chorus] x 2 | [Epic guitar solo], [Chorus] x 6 | [Intro]Searchlights
93%
for
90%
[Bridge]For
90%
Looking
90%
a
80%
is
80%
to
80%
To
80%
as
77%
we
77%
We
77%
you
77%
When
73%
why
73%
answers
70%
get
70%
signal
70%
us
70%
another
67%
believe
67%
Can
67%
[Pre-Chorus]Communication
67%
dimension
67%
key
67%
light
67%
see
67%
of
63%
optics
63%
ready
63%
That
63%
savior(...)
60%
stand
60%
better
57%
[Verse 1]Evil-utionary
57%
here
57%
our
57%
There
57%
unlock
57%
placeLet's go!
53%
reply
53%
And
50%
on
50%
Tell
50%
bloodlines
47%
grace(...)
47%
his
47%
His
47%
Machiavellian
47%
notch
47%
splendor(...)
47%
While
47%
your
47%
dispatch
43%
has
43%
kaleidoscopian
43%
pre-destinated
43%
realm
43%
rotted
43%
seen
43%
sheen
43%
top
43%
visions
43%
we've
43%
will
43%

Score Distribution

Percentile by Number Answered

Percent of People with Each Score

Your Score History

You have not taken this quiz